000 00436nam a2200169Ia 4500
008 240729s9999 xx 000 0 und d
022 _a2691-6630
245 0 _aPeerJ Analytical Chemistry
260 _aUnited States
260 _bPeerJ Inc.
650 _a Analytical chemistry
650 _a Chemistry
650 _aScience
856 _uhttps://doaj.org/toc/6504d4a4765c48cab1157e4b8c4740c8
942 _2ddc
942 _cDOAJEJ
999 _c70533
_d70533
945 _a1
_bMadushi Gamage
_c1
_dMadushi Gamage